[Event "Open C"]
[Site "Polanica-Zdroj"]
[Date "2017.08.22"]
[Round "4.7"]
[White "Gromczak, Dariusz"]
[Black "Grochol, Kamil"]
[Result "1/2-1/2"]
[BlackElo "1688"]
[WhiteElo "1979"]
[LiveChessVersion "1.4.8"]

1. e4 {[%clk 1:30:58]} c5 {[%clk 1:30:52]} 2. Nc3 {[%clk 1:31:10]} e6
{[%clk 1:30:59]} 3. Nf3 {[%clk 1:27:44]} a6 {[%clk 1:18:17]} 4. d4
{[%clk 1:26:22]} cxd4 {[%clk 1:18:09]} 5. Nxd4 {[%clk 1:26:48]} Nc6
{[%clk 1:17:45]} 6. g3 {[%clk 1:23:21]} Nf6 {[%clk 1:03:53]} 7. Bg2
{[%clk 1:22:44]} d6 {[%clk 0:58:18]} 8. Nxc6 {[%clk 1:12:05]} bxc6
{[%clk 0:58:38]} 9. e5 {[%clk 1:11:54]} Nd5 {[%clk 0:58:29]} 10. exd6
{[%clk 1:11:10]} Bxd6 {[%clk 0:49:36]} 11. O-O {[%clk 1:04:42]} Bb7
{[%clk 0:41:54]} 12. Ne4 {[%clk 1:03:37]} Be7 {[%clk 0:40:32]} 13. c4
{[%clk 1:00:19]} Nf6 {[%clk 0:38:31]} 14. Qb3 {[%clk 0:57:16]} Qc8
{[%clk 0:35:16]} 15. Bf4 {[%clk 0:53:08]} Nxe4 {[%clk 0:32:19]} 16. Bxe4
{[%clk 0:53:24]} O-O {[%clk 0:25:53]} 17. Rad1 {[%clk 0:50:45]} a5
{[%clk 0:19:09]} 18. Bd6 {[%clk 0:44:34]} Bxd6 {[%clk 0:17:43]} 19. Rxd6
{[%clk 0:45:00]} Rb8 {[%clk 0:17:37]} 20. Qd3 {[%clk 0:25:31]} g6
{[%clk 0:15:25]} 21. c5 {[%clk 0:25:09]} Ba6 {[%clk 0:14:59]} 22. Qd2
{[%clk 0:23:00]} Bxf1 {[%clk 0:14:59]} 23. Kxf1 {[%clk 0:23:27]} Rd8
{[%clk 0:13:29]} 24. Qxa5 {[%clk 0:18:38]} Rxd6 {[%clk 0:13:02]} 25. cxd6
{[%clk 0:19:05]} Qd7 {[%clk 0:11:25]} 26. Qc5 {[%clk 0:09:33]} Rd8
{[%clk 0:10:54]} 27. Qxc6 {[%clk 0:07:33]} Qxc6 {[%clk 0:11:07]} 28. Bxc6
{[%clk 0:07:58]} Rxd6 {[%clk 0:11:30]} 29. Bf3 {[%clk 0:06:35]} Rd2
{[%clk 0:11:07]} 30. b4 {[%clk 0:06:45]} Rxa2 {[%clk 0:11:17]} 31. b5
{[%clk 0:07:07]} Rb2 {[%clk 0:11:40]} 32. Bc6 {[%clk 0:07:28]} Kf8
{[%clk 0:11:18]} 33. Kg2 {[%clk 0:06:33]} Ke7 {[%clk 0:11:07]} 34. g4
{[%clk 0:06:36]} g5 {[%clk 0:09:40]} 35. Kg3 {[%clk 0:05:42]} Kd6
{[%clk 0:09:46]} 36. f3 Kc5 37. h4 {[%clk 0:00:47]} h6 {[%clk 0:07:08]} 38. hxg5
{[%clk 0:01:07]} hxg5 {[%clk 0:07:28]} 39. Be8 {[%clk 0:01:20]} f5
{[%clk 0:04:30]} 40. gxf5 {[%clk 0:01:45]} exf5 {[%clk 0:04:53]} 41. Bd7
{[%clk 0:01:53]} f4+ {[%clk 0:03:50]} 42. Kg4 {[%clk 0:02:20]} Rg2+
{[%clk 0:04:04]} 43. Kh5 {[%clk 0:02:37]} Rg3 {[%clk 0:04:03]} 44. Bg4
{[%clk 0:03:02]} Kxb5 {[%clk 0:02:57]} 45. Kxg5 {[%clk 0:03:30]} Kc5
{[%clk 0:02:41]} 46. Kxf4 {[%clk 0:03:56]} Rg1 {[%clk 0:01:45]} 47. Bf5
{[%clk 0:03:59]} Kd6 {[%clk 0:01:57]} 48. Be4 {[%clk 0:04:11]} Ke6
{[%clk 0:02:11]} 49. Bf5+ {[%clk 0:04:15]} Kf6 {[%clk 0:02:34]} 50. Bg4
{[%clk 0:04:28]} Ra1 {[%clk 0:02:54]} 51. Bf5 {[%clk 0:04:21]} Ra4+
{[%clk 0:02:41]} 52. Be4 {[%clk 0:04:48]} Rb4 {[%clk 0:02:25]} 53. Ke3
{[%clk 0:04:35]} Ke5 {[%clk 0:02:39]} 54. f4+ {[%clk 0:04:45]} Kf6
{[%clk 0:03:04]} 55. Bd3 {[%clk 0:04:56]} Rxf4 {[%clk 0:02:55]} 1/2-1/2

[Event "Open C"]
[Site "Polanica-Zdroj"]
[Date "2017.08.22"]
[Round "4.8"]
[White "Borkowska, Zuzanna"]
[Black "Bakalarz, Leszek"]
[Result "0-1"]
[BlackElo "1972"]
[WhiteElo "1670"]
[LiveChessVersion "1.4.8"]

1. e4 {[%clk 1:28:17]} c5 {[%clk 1:30:56]} 2. Nf3 {[%clk 1:28:37]} d6
{[%clk 1:31:21]} 3. c3 {[%clk 1:28:57]} Nf6 {[%clk 1:31:48]} 4. h3
{[%clk 1:29:20]} g6 {[%clk 1:31:27]} 5. Bd3 {[%clk 1:29:36]} Bg7 {[%clk 1:31:44]}
6. O-O {[%clk 1:29:15]} O-O {[%clk 1:32:09]} 7. Bc2 {[%clk 1:29:38]} Nc6
{[%clk 1:32:08]} 8. Re1 {[%clk 1:29:16]} Qc7 {[%clk 1:27:18]} 9. d4
{[%clk 1:26:33]} e5 {[%clk 1:27:31]} 10. Na3 {[%clk 1:21:01]} a6 {[%clk 1:25:24]}
11. d5 {[%clk 1:18:18]} Ne7 {[%clk 1:25:49]} 12. Nc4 {[%clk 1:18:29]} b5
{[%clk 1:25:43]} 13. Ne3 {[%clk 1:18:50]} Ne8 {[%clk 1:19:10]} 14. Nh4
{[%clk 1:13:48]} f5 {[%clk 1:09:17]} 15. exf5 {[%clk 1:13:54]} gxf5
{[%clk 1:09:46]} 16. Qh5 {[%clk 1:10:07]} Nf6 {[%clk 1:09:46]} 17. Qd1
{[%clk 1:09:51]} f4 {[%clk 1:07:59]} 18. Nef5 {[%clk 1:09:34]} Nexd5
{[%clk 0:53:48]} 19. Nxg7 {[%clk 1:08:05]} Qxg7 {[%clk 0:54:09]} 20. Be4
{[%clk 1:07:14]} Be6 {[%clk 0:53:56]} 21. Nf5 {[%clk 1:06:16]} Qd7
{[%clk 0:54:15]} 22. Bxd5 {[%clk 1:03:44]} Bxd5 {[%clk 0:54:06]} 23. Nh6+
{[%clk 1:03:42]} Kh8 {[%clk 0:50:09]} 24. Ng4 {[%clk 1:03:58]} Qc6
{[%clk 0:48:54]} 25. Nxf6 {[%clk 1:03:39]} Rxf6 {[%clk 0:49:19]} 26. f3
{[%clk 1:03:41]} Rg8 {[%clk 0:49:46]} 27. Kf2 {[%clk 1:02:44]} a5
{[%clk 0:37:24]} 28. a4 {[%clk 1:02:39]} b4 {[%clk 0:37:36]} 29. cxb4
{[%clk 1:02:59]} cxb4 {[%clk 0:37:23]} 30. Qd3 {[%clk 1:01:33]} Qc5+
{[%clk 0:37:35]} 31. Be3 {[%clk 0:55:50]} fxe3+ {[%clk 0:38:02]} 32. Qxe3
{[%clk 0:55:53]} Rfg6 {[%clk 0:32:36]} 33. g4 {[%clk 0:53:53]} Rf8
{[%clk 0:32:50]} 34. Qxc5 {[%clk 0:54:15]} Rxf3+ {[%clk 0:33:04]} 35. Ke2
{[%clk 0:53:58]} dxc5 {[%clk 0:33:30]} 36. Rad1 {[%clk 0:53:56]} Bc6
{[%clk 0:33:08]} 37. Rd8+ {[%clk 0:54:04]} Kg7 {[%clk 0:33:30]} 38. Rc1
{[%clk 0:53:38]} Rxh3 {[%clk 0:33:16]} 39. Rxc5 {[%clk 0:53:45]} Bf3+
{[%clk 0:28:04]} 40. Kd2 {[%clk 0:53:22]} Rh2+ {[%clk 0:25:14]} 41. Kc1
{[%clk 0:53:25]} Rxg4 {[%clk 0:25:28]} 42. Rc7+ {[%clk 0:51:56]} Kh6
{[%clk 0:25:40]} 43. Rd6+ {[%clk 0:52:06]} Rg6 {[%clk 0:25:44]} 44. Rxg6+
{[%clk 0:51:27]} hxg6 {[%clk 0:24:47]} 45. Rc5 {[%clk 0:51:52]} e4
{[%clk 0:24:50]} 46. Rxa5 {[%clk 0:52:11]} b3 {[%clk 0:22:51]} 47. Re5
{[%clk 0:51:31]} Rc2+ {[%clk 0:23:01]} 48. Kb1 {[%clk 0:51:58]} Rd2
{[%clk 0:23:17]} 49. Rc5 {[%clk 0:52:22]} e3 {[%clk 0:23:24]} 0-1

[Event "Open C"]
[Site "Polanica-Zdroj"]
[Date "2017.08.22"]
[Round "4.9"]
[White "Szczesniak, Andrzej"]
[Black "Karpinski, Andrzej"]
[Result "1-0"]
[BlackElo "1677"]
[WhiteElo "1970"]
[LiveChessVersion "1.4.8"]

1. d4 Nf6 2. c4 g6 3. Nc3 d5 4. Nf3 Bg7 5. Qb3 dxc4 6. Qxc4 O-O 7. e4 Nfd7 8. Be3
Nb6 9. Qb3 Bg4 10. Rd1 Nc6 11. d5 Ne5 12. Be2 Nxf3+ 13. gxf3 Bh3 14. Rg1 Bd7 15.
f4 Kh8 16. a4 Qe8 17. a5 Na4 18. Nb5 Nxb2 19. Rb1 Bxb5 20. Bxb5 c6 21. Be2 cxd5
22. exd5 Qd8 23. Rxb2 Bxb2 24. Qxb2+ f6 25. Qd2 b6 26. a6 Qd6 27. Bg4 f5 28. Bd4+
Kg8 29. Be5 Qa3 30. d6 e6 31. Be2 Rac8 32. d7 Rc1+ 33. Bd1 Rd8 34. Bf6 Rxd1+ 35.
Qxd1 Qb4+ 36. Kf1 Qb5+ 37. Qe2 Qxe2+ 38. Kxe2 Rxd7 39. Rd1 Rc7 40. Be5 Rc2+ 41.
Rd2 Rc1 42. Rd8+ Kf7 43. Rd7+ Kg8 1-0

[Event "Open C"]
[Site "Polanica-Zdroj"]
[Date "2017.08.22"]
[Round "4.10"]
[White "Slomczewski, Michal"]
[Black "Cichocka, Katarzyna"]
[Result "1-0"]
[BlackElo "1669"]
[WhiteElo "1956"]
[LiveChessVersion "1.4.8"]

1. c4 {[%clk 1:30:58]} c5 {[%clk 1:30:52]} 2. Nf3 {[%clk 1:31:19]} Nf6
{[%clk 1:31:10]} 3. Nc3 {[%clk 1:31:05]} Nc6 {[%clk 1:31:21]} 4. d4
{[%clk 1:31:11]} cxd4 {[%clk 1:30:51]} 5. Nxd4 {[%clk 1:31:31]} g6
{[%clk 1:29:39]} 6. e4 {[%clk 1:31:21]} d6 {[%clk 1:27:13]} 7. Be2
{[%clk 1:30:27]} Bg7 {[%clk 1:27:32]} 8. Be3 {[%clk 1:30:04]} O-O
{[%clk 1:25:44]} 9. O-O {[%clk 1:29:49]} Bd7 {[%clk 1:21:39]} 10. f3
{[%clk 1:23:52]} Rc8 {[%clk 1:20:18]} 11. Qd2 {[%clk 1:19:26]} a6
{[%clk 1:15:09]} 12. Rac1 {[%clk 1:14:50]} Re8 {[%clk 1:04:28]} 13. Rfd1
{[%clk 1:07:56]} Nxd4 {[%clk 1:03:07]} 14. Bxd4 {[%clk 1:07:41]} Qa5
{[%clk 0:56:55]} 15. Qe3 {[%clk 0:48:22]} Qh5 {[%clk 0:49:21]} 16. Qf2
{[%clk 0:41:41]} Qh6 {[%clk 0:39:37]} 17. Be3 {[%clk 0:30:55]} Qh5
{[%clk 0:32:26]} 18. h3 {[%clk 0:29:10]} g5 {[%clk 0:22:37]} 19. f4
{[%clk 0:27:32]} g4 {[%clk 0:20:39]} 20. Qg3 {[%clk 0:26:16]} Qa5
{[%clk 0:14:38]} 21. hxg4 {[%clk 0:26:01]} Bc6 {[%clk 0:14:35]} 22. Bd3
{[%clk 0:22:15]} Nd7 {[%clk 0:12:08]} 23. a3 {[%clk 0:15:52]} Qd8
{[%clk 0:09:29]} 24. Bb1 {[%clk 0:14:12]} Nf8 {[%clk 0:08:44]} 25. Kf2
{[%clk 0:12:51]} e5 {[%clk 0:08:16]} 26. f5 {[%clk 0:12:53]} Bd7 {[%clk 0:04:57]}
27. Nd5 {[%clk 0:08:39]} Bc6 {[%clk 0:04:29]} 28. Nb6 {[%clk 0:08:41]} Rc7
{[%clk 0:03:42]} 29. c5 {[%clk 0:08:38]} d5 {[%clk 0:01:42]} 30. exd5
{[%clk 0:08:52]} Bd7 {[%clk 0:00:53]} 31. Be4 {[%clk 0:08:42]} Qb8
{[%clk 0:00:41]} 32. Qh4 {[%clk 0:07:46]} f6 1-0

[Event "Open C"]
[Site "Polanica-Zdroj"]
[Date "2017.08.22"]
[Round "4.11"]
[White "Burzak, Wojciech"]
[Black "Koscielny, Edmond"]
[Result "1-0"]
[BlackElo "1879"]
[WhiteElo "1687"]
[LiveChessVersion "1.4.8"]

1. e4 d6 2. d4 Nf6 3. Nc3 g6 4. Be3 Bg7 5. Qd2 c6 6. O-O-O b5 7. f3 a5 8. h4 h5
9. Nh3 Bxh3 10. Rxh3 Nbd7 11. Be2 Nb6 12. e5 Nfd5 13. exd6 Nxc3 14. Qxc3 Qxd6 15.
Qc5 Qxc5 16. dxc5 Nd5 17. Bxb5 Bxb2+ 18. Kxb2 Rb8 19. Bd4 O-O 20. Ka1 cxb5 21.
Rhh1 e6 22. Be5 Rbc8 23. Bd6 Rfd8 24. Kb2 Ne3 25. Rd3 Nc4+ 26. Kb3 f6 27. a4 Nxd6
28. Rxd6 bxa4+ 29. Kxa4 Rxd6 30. cxd6 Rxc2 31. Rd1 Rc8 32. Kxa5 Kf7 33. Kb6 e5
34. d7 Rd8 35. Kc7 Ke7 36. Rd6 1-0

[Event "Open C"]
[Site "Polanica-Zdroj"]
[Date "2017.08.23"]
[Round "5.1"]
[White "Darowicki, Mariusz"]
[Black "Tokmantsev, Ivan"]
[Result "1-0"]
[BlackElo "1711"]
[WhiteElo "1942"]
[LiveChessVersion "1.4.8"]

1. d4 {[%clk 1:30:53]} Nf6 {[%clk 1:30:40]} 2. Nf3 {[%clk 1:30:46]} g6
{[%clk 1:30:48]} 3. c4 {[%clk 1:30:30]} Bg7 {[%clk 1:31:05]} 4. g3
{[%clk 1:30:33]} O-O {[%clk 1:30:45]} 5. Bg2 {[%clk 1:30:45]} d5 {[%clk 1:30:44]}
6. cxd5 {[%clk 1:28:47]} Nxd5 {[%clk 1:29:20]} 7. O-O {[%clk 1:28:50]} Nc6
{[%clk 1:29:29]} 8. Nc3 {[%clk 1:22:00]} Nb6 {[%clk 1:29:19]} 9. e3
{[%clk 1:21:22]} e5 {[%clk 1:28:46]} 10. d5 {[%clk 1:17:10]} Nb4 {[%clk 1:27:53]}
11. e4 {[%clk 1:17:23]} c6 {[%clk 1:18:00]} 12. a3 {[%clk 1:13:25]} Na6
{[%clk 1:18:09]} 13. Bg5 {[%clk 1:03:47]} f6 {[%clk 1:17:46]} 14. Be3
{[%clk 1:03:44]} Nc4 15. Bc1 cxd5 {[%clk 1:09:18]} 16. Nxd5 {[%clk 0:58:10]} Be6
{[%clk 1:08:04]} 17. Qe2 {[%clk 0:50:44]} Nb6 {[%clk 1:06:34]} 18. Rd1
{[%clk 0:49:27]} Nxd5 {[%clk 1:05:41]} 19. exd5 {[%clk 0:49:43]} Bf7
{[%clk 1:05:42]} 20. Be3 {[%clk 0:45:44]} f5 {[%clk 1:03:44]} 21. Ng5
{[%clk 0:38:43]} e4 {[%clk 1:02:48]} 22. Nxf7 {[%clk 0:36:21]} Rxf7
{[%clk 1:02:54]} 23. Bf1 {[%clk 0:34:52]} Kh8 {[%clk 1:01:19]} 24. Qd2
{[%clk 0:32:40]} Qf6 {[%clk 0:59:28]} 25. Rab1 {[%clk 0:28:20]} Rd7
{[%clk 0:58:38]} 26. Bb5 {[%clk 0:27:36]} Rd6 {[%clk 0:57:34]} 27. Bxa6
{[%clk 0:25:06]} bxa6 28. Bf4 Rd7 {[%clk 0:55:10]} 29. d6 {[%clk 0:21:33]} Qf8
{[%clk 0:51:31]} 30. Rbc1 {[%clk 0:19:43]} Rad8 {[%clk 0:48:49]} 31. Rc6
{[%clk 0:19:45]} a5 {[%clk 0:47:50]} 32. Kg2 {[%clk 0:15:34]} h6 {[%clk 0:47:23]}
33. h4 {[%clk 0:15:00]} Kh7 {[%clk 0:47:45]} 34. Qxa5 {[%clk 0:14:06]} Bxb2
{[%clk 0:47:41]} 35. Rc7 {[%clk 0:13:39]} Bf6 {[%clk 0:44:39]} 36. Qxa7
{[%clk 0:12:54]} Qf7 {[%clk 0:44:55]} 37. Qc5 {[%clk 0:12:09]} Qe6
{[%clk 0:44:23]} 38. Qd5 {[%clk 0:11:22]} Qxd5 {[%clk 0:44:08]} 39. Rxd5
{[%clk 0:11:48]} Kg7 {[%clk 0:44:25]} 40. Bd2 {[%clk 0:09:33]} Kf7
{[%clk 0:44:11]} 41. Rxd7+ {[%clk 0:08:21]} Rxd7 {[%clk 0:44:31]} 42. Bxh6
{[%clk 0:07:15]} Ke6 {[%clk 0:44:56]} 43. Ra5 {[%clk 0:06:40]} Rxd6
{[%clk 0:45:16]} 44. Be3 {[%clk 0:06:17]} Rd3 {[%clk 0:43:22]} 45. Ra6+
{[%clk 0:06:23]} Kf7 {[%clk 0:43:44]} 46. a4 {[%clk 0:06:26]} Bd4
{[%clk 0:44:03]} 47. Bxd4 {[%clk 0:05:18]} Rxd4 {[%clk 0:44:20]} 48. Ra7+
{[%clk 0:05:34]} Kf6 {[%clk 0:44:36]} 49. a5 {[%clk 0:05:11]} Ra4
{[%clk 0:44:55]} 50. a6 {[%clk 0:05:12]} Ra2 {[%clk 0:45:16]} 51. Kf1
{[%clk 0:04:30]} Ra1+ {[%clk 0:43:57]} 52. Ke2 {[%clk 0:04:55]} Ra2+
{[%clk 0:44:00]} 53. Ke3 {[%clk 0:05:08]} Ke5 {[%clk 0:44:21]} 54. Ra8
{[%clk 0:04:11]} Ra3+ {[%clk 0:44:10]} 55. Ke2 {[%clk 0:04:24]} Kf6
{[%clk 0:43:45]} 56. a7 {[%clk 0:04:19]} Kg7 {[%clk 0:43:59]} 57. Kd2
{[%clk 0:04:39]} Kh7 {[%clk 0:44:03]} 58. Kc2 {[%clk 0:05:01]} Kg7
{[%clk 0:42:58]} 59. Kb2 {[%clk 0:05:23]} 1-0

[Event "Open C"]
[Site "Polanica-Zdroj"]
[Date "2017.08.23"]
[Round "5.2"]
[White "Pyka, Roman"]
[Black "Kawalko, Adam"]
[Result "1/2-1/2"]
[BlackElo "1848"]
[WhiteElo "1991"]
[LiveChessVersion "1.4.8"]

1. d4 {[%clk 1:30:27]} Nf6 {[%clk 1:30:43]} 2. Nf3 {[%clk 1:30:48]} e6
{[%clk 1:29:41]} 3. c4 {[%clk 1:31:09]} c5 {[%clk 1:29:08]} 4. Nc3
{[%clk 1:31:27]} a6 {[%clk 1:26:12]} 5. g3 {[%clk 1:30:35]} cxd4 {[%clk 1:22:44]}
6. Nxd4 {[%clk 1:30:38]} Be7 {[%clk 1:22:13]} 7. e4 {[%clk 1:27:36]} d6
{[%clk 1:17:41]} 8. Be3 {[%clk 1:25:24]} Qc7 {[%clk 1:10:26]} 9. Rc1
{[%clk 1:23:46]} Nbd7 {[%clk 1:05:51]} 10. h3 {[%clk 1:20:02]} b6
{[%clk 1:04:24]} 11. Bg2 {[%clk 1:17:14]} Bb7 {[%clk 1:03:42]} 12. O-O
{[%clk 1:14:06]} Rc8 13. b3 {[%clk 1:09:23]} Qb8 {[%clk 1:00:20]} 14. Re1
{[%clk 1:02:26]} O-O {[%clk 0:57:26]} 15. Nde2 {[%clk 0:50:17]} Qa8
{[%clk 0:54:40]} 16. f3 {[%clk 0:49:28]} Rfd8 {[%clk 0:49:15]} 17. Na4
{[%clk 0:46:15]} Qa7 {[%clk 0:46:17]} 18. Qd4 {[%clk 0:43:11]} Nc5
{[%clk 0:43:19]} 19. Nxc5 {[%clk 0:38:29]} dxc5 {[%clk 0:41:04]} 20. Qc3
{[%clk 0:38:23]} Qa8 21. Rcd1 {[%clk 0:35:27]} Nd7 {[%clk 0:32:42]} 22. Bf4
{[%clk 0:34:11]} Bf6 {[%clk 0:29:56]} 23. Qc2 {[%clk 0:29:14]} Ne5
{[%clk 0:23:56]} 24. Rxd8+ {[%clk 0:25:10]} Rxd8 {[%clk 0:24:14]} 25. Rd1
{[%clk 0:24:45]} Qc8 {[%clk 0:20:16]} 26. Be3 {[%clk 0:21:22]} Nc6
{[%clk 0:17:24]} 27. Rxd8+ {[%clk 0:17:43]} Qxd8 {[%clk 0:17:35]} 28. Qd2
{[%clk 0:17:51]} Qxd2 {[%clk 0:16:30]} 29. Bxd2 {[%clk 0:18:13]} Nd4
{[%clk 0:15:46]} 30. Nxd4 {[%clk 0:16:35]} Bxd4+ {[%clk 0:16:06]} 31. Kf1
{[%clk 0:16:58]} e5 {[%clk 0:15:30]} 32. Ke2 {[%clk 0:15:24]} 1/2-1/2

[Event "Open C"]
[Site "Polanica-Zdroj"]
[Date "2017.08.23"]
[Round "5.3"]
[White "Cichocki, Konrad"]
[Black "Szylko, Waldemar"]
[Result "1/2-1/2"]
[BlackElo "1989"]
[WhiteElo "1857"]
[LiveChessVersion "1.4.8"]

1. c4 {[%clk 1:30:56]} c6 {[%clk 1:30:40]} 2. Nf3 {[%clk 1:31:11]} f5
{[%clk 1:30:55]} 3. g3 {[%clk 1:29:41]} Nf6 {[%clk 1:31:13]} 4. Bg2
{[%clk 1:29:56]} e6 {[%clk 1:31:06]} 5. O-O {[%clk 1:30:04]} Be7 {[%clk 1:31:15]}
6. d3 {[%clk 1:27:58]} d6 {[%clk 1:31:26]} 7. Nc3 {[%clk 1:26:00]} O-O
{[%clk 1:31:35]} 8. e4 {[%clk 1:23:41]} e5 {[%clk 1:28:56]} 9. exf5
{[%clk 1:17:56]} Bxf5 {[%clk 1:28:47]} 10. d4 {[%clk 1:17:22]} e4
{[%clk 1:15:31]} 11. Ng5 {[%clk 1:14:23]} d5 {[%clk 1:09:38]} 12. cxd5
{[%clk 1:14:11]} Nxd5 {[%clk 1:06:04]} 13. Ngxe4 {[%clk 1:13:39]} Nd7
{[%clk 1:03:48]} 14. Qb3 {[%clk 1:11:08]} N7b6 {[%clk 1:03:32]} 15. Nxd5
{[%clk 1:09:29]} cxd5 {[%clk 1:03:34]} 16. Nc3 {[%clk 1:09:20]} Be6
{[%clk 1:02:39]} 17. Bf4 {[%clk 1:07:32]} Bf7 {[%clk 1:01:14]} 18. Rac1
{[%clk 1:05:33]} Bg5 {[%clk 0:55:47]} 19. Bxg5 {[%clk 1:05:25]} Qxg5
{[%clk 0:56:15]} 20. f4 {[%clk 1:04:04]} Qf6 {[%clk 0:50:54]} 21. Rfd1
{[%clk 1:02:40]} Rfe8 {[%clk 0:49:57]} 22. Qb5 {[%clk 0:57:15]} a6
{[%clk 0:49:30]} 23. Qd3 {[%clk 0:56:27]} Qd6 {[%clk 0:44:08]} 24. b3
{[%clk 0:56:05]} Re7 {[%clk 0:41:35]} 25. Re1 {[%clk 0:55:46]} Rae8
{[%clk 0:41:15]} 26. Kf2 {[%clk 0:55:38]} Nd7 {[%clk 0:37:03]} 27. Rxe7
{[%clk 0:54:42]} Rxe7 {[%clk 0:37:10]} 28. Re1 {[%clk 0:52:58]} Rxe1
{[%clk 0:36:59]} 29. Kxe1 {[%clk 0:53:25]} Nb6 {[%clk 0:34:59]} 30. Qe3
{[%clk 0:52:56]} Nd7 {[%clk 0:33:03]} 31. f5 1/2-1/2

[Event "Open C"]
[Site "Polanica-Zdroj"]
[Date "2017.08.23"]
[Round "5.4"]
[White "Budnik, Mateusz"]
[Black "Dzieczkaniec, Piotr"]
[Result "1-0"]
[BlackElo "1856"]
[WhiteElo "1987"]
[LiveChessVersion "1.4.8"]

1. e4 {[%clk 1:23:05]} c5 {[%clk 1:19:12]} 2. Nf3 {[%clk 1:23:30]} Nc6
{[%clk 1:19:38]} 3. d4 {[%clk 1:23:51]} cxd4 {[%clk 1:20:05]} 4. Nxd4
{[%clk 1:24:15]} Nf6 {[%clk 1:20:31]} 5. Nc3 {[%clk 1:24:38]} e5 {[%clk 1:20:55]}
6. Nb3 {[%clk 1:24:15]} Bb4 {[%clk 1:20:53]} 7. Bd3 {[%clk 1:21:02]} d5
{[%clk 1:14:05]} 8. exd5 {[%clk 1:19:26]} Qxd5 {[%clk 1:10:54]} 9. O-O
{[%clk 1:18:29]} Bxc3 {[%clk 1:11:15]} 10. bxc3 {[%clk 1:18:54]} O-O
{[%clk 1:05:05]} 11. c4 {[%clk 1:17:08]} Qe6 {[%clk 0:55:49]} 12. Re1
{[%clk 1:12:26]} Re8 {[%clk 0:48:07]} 13. Bb2 {[%clk 1:11:05]} b6
{[%clk 0:47:31]} 14. c5 {[%clk 1:04:42]} Bb7 {[%clk 0:44:03]} 15. Qe2
{[%clk 0:50:36]} Nd7 {[%clk 0:34:10]} 16. cxb6 {[%clk 0:50:20]} axb6
{[%clk 0:34:14]} 17. a3 {[%clk 0:47:38]} Na5 {[%clk 0:29:56]} 18. Nxa5
{[%clk 0:46:54]} Rxa5 {[%clk 0:30:14]} 19. Rad1 {[%clk 0:46:10]} Bc6
{[%clk 0:20:04]} 20. f3 {[%clk 0:39:01]} Rc5 {[%clk 0:17:28]} 21. Qf2
{[%clk 0:36:14]} Rc8 {[%clk 0:17:32]} 22. f4 {[%clk 0:30:04]} g6 {[%clk 0:14:21]}
23. fxe5 {[%clk 0:18:57]} Bd5 {[%clk 0:08:26]} 24. Qd4 {[%clk 0:14:03]} Nb8
{[%clk 0:07:14]} 25. Qf2 {[%clk 0:10:59]} Nd7 {[%clk 0:07:18]} 26. Qg3
{[%clk 0:08:31]} Ra5 {[%clk 0:06:41]} 27. Rf1 {[%clk 0:08:30]} Qc6
{[%clk 0:05:42]} 28. Qf2 {[%clk 0:05:25]} Be6 {[%clk 0:05:30]} 29. h4
{[%clk 0:02:35]} Nc5 {[%clk 0:05:17]} 30. Rc1 {[%clk 0:01:40]} Na4
{[%clk 0:05:01]} 31. Bd4 {[%clk 0:01:31]} Nc5 {[%clk 0:05:14]} 32. h5
{[%clk 0:00:46]} Rxa3 {[%clk 0:03:08]} 33. h6 {[%clk 0:00:44]} Nd7
{[%clk 0:01:56]} 34. Rb1 {[%clk 0:00:45]} Qc7 {[%clk 0:01:44]} 35. c3
{[%clk 0:00:45]} Ra2 {[%clk 0:02:06]} 36. Qf3 {[%clk 0:00:35]} Qd8
{[%clk 0:02:20]} 37. Rf2 {[%clk 0:00:33]} Rxf2 {[%clk 0:02:42]} 38. Qxf2
{[%clk 0:01:00]} Qg5 {[%clk 0:02:54]} 39. Bb5 {[%clk 0:00:06]} Nf8
{[%clk 0:01:43]} 40. Ba6 {[%clk 0:00:34]} Rb8 {[%clk 0:01:24]} 41. Rf1
{[%clk 0:00:31]} b5 {[%clk 0:01:20]} 42. Qf4 {[%clk 0:00:35]} Qe7
{[%clk 0:01:19]} 43. Qf3 {[%clk 0:00:41]} Qg5 {[%clk 0:01:24]} 44. Qf4
{[%clk 0:00:40]} Qh5 {[%clk 0:01:40]} 45. Be3 {[%clk 0:00:38]} Nd7
{[%clk 0:01:58]} 46. Rb1 {[%clk 0:00:40]} Qe2 {[%clk 0:01:36]} 47. Ra1
{[%clk 0:00:35]} Bd5 {[%clk 0:01:47]} 48. Bf2 {[%clk 0:00:40]} Qc4
{[%clk 0:01:31]} 49. Qxc4 {[%clk 0:00:52]} Bxc4 {[%clk 0:01:51]} 50. Rd1
{[%clk 0:01:01]} Nxe5 {[%clk 0:01:35]} 51. Bg3 {[%clk 0:01:30]} f6
{[%clk 0:01:55]} 52. Bxe5 {[%clk 0:01:28]} fxe5 {[%clk 0:02:25]} 53. Rd7
{[%clk 0:01:25]} e4 {[%clk 0:02:01]} 54. Rg7+ {[%clk 0:01:41]} Kh8
{[%clk 0:02:21]} 55. Kf2 {[%clk 0:01:37]} Rb6 {[%clk 0:02:06]} 56. Bb7
{[%clk 0:01:31]} Bd3 {[%clk 0:01:23]} 57. Rf7 {[%clk 0:01:34]} Kg8
{[%clk 0:01:28]} 58. Bd5 {[%clk 0:01:44]} Rd6 {[%clk 0:01:25]} 59. Rd7+
{[%clk 0:02:05]} Rxd5 {[%clk 0:01:54]} 60. Rxd5 {[%clk 0:02:27]} Kf7
{[%clk 0:02:03]} 61. Rd7+ {[%clk 0:02:41]} Kf6 {[%clk 0:02:28]} 62. Rxh7
{[%clk 0:02:47]} g5 {[%clk 0:02:05]} 63. Rg7 {[%clk 0:02:57]} 1-0